000 00877nam a22002537a 4500
005 20090724161858.0
008 090724t xxu||||| |||| 00| 0 eng d
010 _aENG-94546
020 _a0195698843
_c335.00
020 _a9780195698848
_c335.00
035 _aEN-78079
037 _bDBAD / PUB
040 _adpl
_bEnglish
082 _a301
100 _aBeteille, Andre
245 _aSociology:
_cby Andre Beteille
_bessays on approach and method /
260 _aNew Delhi
_bOxford University Press
_c2009
270 _aYMCA Library Building, Jai Singh Road,
_bNew Delhi
_e110001
300 _ax, 323p.
_c23cm (pbk)
500 _aIncludes index
650 _aSociology
942 _2ddc
_cEN
_mBET
_h301
999 _c28637
_d28637